Eliminierung nach Kategorie - Deutsche Großstädte - Statistiken

Allgemein
  • Dieses Quiz wurde 669 mal gespielt
  • Das Durchschnittsergebnis liegt bei 17 aus 20
Antwortstatistiken
Hint Stadt % Korrekt
Grüne Kategorien 70 Städte im ehemaligen Westdeutschland
100%
Grüne Kategorien 33 Mit mind. 200.000 Einwohnern
100%
Grüne Kategorien 18 Die nicht in NRW liegen
99%
Orange Kategorien 29 Städte in NRW
98%
Blaue Kategorien 27 Städte mit einem H im Namen
95%
Grüne Kategorien 6 Mit mind. 150 m Höhe
93%
Orange Kategorien 20 Die komplett rechtsrheinisch liegen
93%
Blaue Kategorien 19 In einem der 3 bevölkerungsreichsten Bundesländer
88%
Violette Kategorien 72 Städte, deren Name aus einem Wort besteht
88%
Violette Kategorien 62 Deren Name nicht mit einem Vokal beginnt
87%
Orange Kategorien 7 Mit mind. 500.000 oder unter 150.000 Einwohnern
86%
Violette Kategorien 27 Die die größten, zweitgrößten oder drittgrößten Städte nach Einwohnerzahl in ihrem Bundesland sind
85%
Orange Kategorien 4 Im Ruhrgebiet
84%
Blaue Kategorien 11 Die auf einer Höhe von mind. 100 m liegen
81%
Violette Kategorien 4 Die am Meer liegen (ohne Exklaven)
80%
Orange Kategorien 1 Mit einem Fußballverein, der in der Bundesliga spielt Dortmund
79%
Violette Kategorien 1 Die in der ehemaligen DDR liegen Rostock
71%
Grüne Kategorien 1 Die in Hessen liegen Kassel
64%
Blaue Kategorien 7 Mit weniger als 250.000 Einwohnern
61%
Blaue Kategorien 1 Mit einem Adler im Wappen Heilbronn
21%
Keine übereinstimmenden Quizze gefunden
Verteilung der Resultate
Anzahl Personen mit jedem Resultat
Perzentil nach korrekt beantworteten Fragen
Ihre Resultats-Entwicklung
Sie haben dieses Quiz noch nicht gespielt